ბათუმის შოთა რუსთაველის სახელმწიფო უნივერსიტეტის ბიბლიოთეკა

Мир исламского мистицизма / (ბიბ.ჩანაწერი № 46523)

000 -LEADER
fixed length control field 00738nam a2200205Ia 4500
001 - CONTROL NUMBER
control field 13362
003 - CONTROL NUMBER IDENTIFIER
control field GE_BSU
005 - DATE AND TIME OF LATEST TRANSACTION
control field 20240906174044.0
008 - FIXED-LENGTH DATA ELEMENTS--GENERAL INFORMATION
fixed length control field 181216s2012||||ru |||||||||||||| ||rus||
020 ## - INTERNATIONAL STANDARD BOOK NUMBER
International Standard Book Number 9785906016041
040 ## - CATALOGING SOURCE
Transcribing agency GE_BSU
080 ## - UNIVERSAL DECIMAL CLASSIFICATION NUMBER
Universal Decimal Classification number 141.336 Ш-61
100 ## - MAIN ENTRY--PERSONAL NAME
Personal name Шиммель, Аннемари
9 (RLIN) 23181
245 ## - TITLE STATEMENT
Title Мир исламского мистицизма /
Statement of responsibility, etc. Аннемари Шиммель ; Пер. с англ. Н. И. Пригариной, А. С. Рапопорт.
250 ## - EDITION STATEMENT
Edition statement 2-ое изд-е испр. и допол.
264 ## - PRODUCTION, PUBLICATION, DISTRIBUTION, MANUFACTURE, AND COPYRIGHT NOTICE
Place of production, publication, distribution, manufacture Москва :
Name of producer, publisher, distributor, manufacturer ООО Садра,
Date of production, publication, distribution, manufacture, or copyright notice 2012.
300 ## - PHYSICAL DESCRIPTION
Extent 536 стр. ;
Dimensions 22 см.
653 ## - INDEX TERM--UNCONTROLLED
keyword Мир исламского мистицизма
942 ## - ADDED ENTRY ELEMENTS (KOHA)
Koha item type წიგნი
Source of classification or shelving scheme
ეგზემპლარები
Withdrawn status Lost status Source of classification or shelving scheme Damaged status Not for loan Permanent Location Current Location Shelving location Date acquired Full call number Barcode Date last seen Copy number Price effective from Koha item type
          ბათუმის შოთა რუსთაველის სახელმწიფო უნივერსიტეტის მთავარი ბიბლიოთეკა ბათუმის შოთა რუსთაველის სახელმწიფო უნივერსიტეტის მთავარი ბიბლიოთეკა წიგნსაცავი 2018-12-17 141.336 Ш-61 27252 2018-12-17 27252 2018-12-17 წიგნი